00513pab a2200181 454500008004000000100002900040245008700069260000900156300001200165362001200177650002600189650002500215650002300240650001500263700001800278700001900296773001600315180718b2008 xxu||||| |||| 00| 0 eng d aMukherjee, Sacchidananda aThe role of large reservoirs for sustainable water supplies in large Indian cities c2008 ap.1-29. aJan-Dec aWater storage - India aWater supply - India aReservoirs - India aReservoirs aKumar, Dinesh aShah, Zankhana aUrban India